000 00641nam a22002297a 4500
003 UA-OsUOA
001 97280
007 ta
008 20130327b un ||||| |||| 00| 0 ukr d
100 _aНекрасов Н.
090 _a821.161.1
_bН48
942 _cBK
040 _aUA-OsUOA
_brus
_cUA-OsUOA
_dUA-OsUOA
245 _aСтиихотворения и поэмы
300 _a559 с.
955 _a0
041 _arus
080 _a821.161.1
260 _aМосква
_bХудожественная литература
_c1980
650 7 _a82 Література. Літературознавство
_2UDC
999 _c383525
_d383525